000 00830cam a22002411 4500
001 l 49000117
003 DLC
005 20260227111541.0
008 760713s1949 xx 000 0 eng c
010 _al 49000117
035 _a(OCoLC)2309905
040 _aU.S. Dept. of Labor
_cOU
_dAU
_dDLC
042 _apremarc
050 0 0 _aHD8039.M615
_bI47 1949
110 2 _aInternational Labour Office
245 1 0 _aGeneral report [for the Coal Mines Committee]
_bFirst item on the agenda.
260 _aGeneva,
_c1949.
300 _avi, 211 p.
_bfold. map.
_c24 cm.
500 _aAt head of title: Report 1. International Labour Organisation Coal Mines Committee. 3d sess., Pittsburgh, 1949.
650 0 _aCoal mines and mining
650 0 _aCoal miners.
710 2 _aInternational Labour Organisation.
_bCoal Mines Committee.
999 _c36660
_d36660